[Event "XXI Olimpiadi Finale B"]
[Site "Nizza FRA"]
[Date "1974.06.24"]
[Round "9.1"]
[White "Belkadi, Ridha"]
[Black "Tatai, Stefano"]
[Result "1/2-1/2"]
[WhiteElo "2340"]
[BlackElo "2430"]
[Annotator "ITA-TUN"]
[PlyCount "31"]
[EventDate "1974.06.16"]

1. d4 Nf6 2. c4 c5 3. d5 g6 4. Nc3 d6 5. Nf3 Bg7 6. e4 O-O 7. Be2 e6 8. O-O Re8
9. Nd2 Na6 10. Kh1 Nc7 11. a4 b6 12. dxe6 Rxe6 13. f4 Re8 14. Bf3 Bb7 15. Qc2
Ne6 16. Qb3 1/2-1/2

[Event "XXI Olimpiadi Finale B"]
[Site "Nizza FRA"]
[Date "1974.06.25"]
[Round "10.2"]
[White "Seret, Jean-Luc"]
[Black "Tatai, Stefano"]
[Result "0-1"]
[WhiteElo "2400"]
[BlackElo "2430"]
[Annotator "ITA-FRA"]
[PlyCount "72"]
[EventDate "1974.06.16"]

1. e4 g6 2. d4 Bg7 3. Nf3 d6 4. Be2 Nf6 5. Nbd2 O-O 6. O-O Nbd7 7. c3 c5 8. Re1
Qc7 9. Bc4 e6 10. Bb3 b6 11. Nf1 Bb7 12. Ng3 Rfe8 13. Qe2 Rac8 14. Bf4 c4 15.
Bc2 e5 16. dxe5 dxe5 17. Bd2 Nf8 18. b3 Ne6 19. Qxc4 Qxc4 20. bxc4 Nc5 21. a4
Ba6 22. a5 Bxc4 23. axb6 axb6 24. Ra7 b5 25. Rea1 h6 26. Be3 Ng4 27. Bc1 Bb3
28. Bxb3 Nxb3 29. Rb1 Nxc1 30. Rxc1 Bf8 31. Rb7 Bc5 32. Nh1 b4 33. h3 Nf6 34.
Kh2 bxc3 35. Rxc3 Nxe4 36. Rc4 Nd6 0-1

[Event "XXI Olimpiadi Finale B"]
[Site "Nizza FRA"]
[Date "1974.06.25"]
[Round "10.4"]
[White "Bessenay, Maurice"]
[Black "Cappello, Renato"]
[Result "0-1"]
[WhiteElo "2400"]
[BlackElo "2310"]
[Annotator "ITA-FRA"]
[PlyCount "92"]
[EventDate "1974.06.16"]

1. e4 e6 2. d4 d5 3. Nc3 Bb4 4. e5 c5 5. a3 Ba5 6. b4 cxd4 7. Nb5 Bc7 8. f4 Ne7
9. Bd3 Nbc6 10. Nf3 a6 11. Nxc7+ Qxc7 12. O-O Nf5 13. Bxf5 exf5 14. Bb2 Be6 15.
Bxd4 Nxd4 16. Nxd4 g6 17. Qd2 Rc8 18. a4 Qc3 19. Qxc3 Rxc3 20. Rf3 Rc4 21. c3
Kd7 22. Nb3 Ke7 23. Rd1 b6 24. a5 bxa5 25. Nxa5 Rc7 26. Kf2 Rhc8 27. Rdd3 Bd7
28. Rxd5 Rxc3 29. Rxc3 Rxc3 30. Ke2 Ra3 31. Rd2 Bb5+ 32. Kd1 h5 33. Kc2 h4 34.
Kb2 Re3 35. Nb3 Re4 36. Rd4 Re1 37. Rd2 Rf1 38. g3 hxg3 39. hxg3 Rg1 40. Nd4
Rxg3 41. Nxb5 axb5 42. Rd4 Rg4 43. Kc3 g5 44. fxg5 Rxd4 45. Kxd4 Ke6 46. Kc5
Kxe5 0-1

[Event "XXI Olimpiadi Finale B"]
[Site "Nizza FRA"]
[Date "1974.06.26"]
[Round "11.4"]
[White "Cappello, Renato"]
[Black "Santos, Luis M."]
[Result "0-1"]
[WhiteElo "2310"]
[BlackElo "2270"]
[Annotator "ITA-POR"]
[PlyCount "102"]
[EventDate "1974.06.16"]

1. d4 d5 2. Nf3 Nf6 3. e3 g6 4. c4 c6 5. Nc3 Bg7 6. Ne5 O-O 7. Be2 Nbd7 8. f4
c5 9. cxd5 Nb6 10. e4 cxd4 11. Qxd4 e6 12. a4 exd5 13. a5 Nc4 14. Bxc4 dxc4 15.
Qxd8 Rxd8 16. Nxc4 Rd4 17. Nd2 Be6 18. O-O Rad8 19. Nf3 Rb4 20. e5 Nh5 21. g3
Bf8 22. Kg2 a6 23. h3 Rd3 24. Ra4 Bd7 25. Rxb4 Bxb4 26. g4 Ng7 27. Rd1 Rxd1 28.
Nxd1 Bxa5 29. Bd2 Bb6 30. Be3 Bxe3 31. Nxe3 Ne6 32. Kg3 Nc5 33. Nd4 Nd3 34. b3
g5 35. fxg5 Nxe5 36. Nd5 Kg7 37. Nf6 Nc6 38. Nxd7 Nxd4 39. Nc5 a5 40. Nxb7 Nxb3
41. Nd6 Nd2 42. Nb5 Nb1 43. Nd4 a4 44. Kf4 a3 45. Nc2 a2 46. Na1 Nc3 47. h4 Nb5
48. Ke5 Kg6 49. Kf4 Nd4 50. Ke4 Ne6 51. Kf3 Kg7 0-1

[Event "XXI Olimpiadi Finale B"]
[Site "Nizza FRA"]
[Date "1974.06.27"]
[Round "12.1"]
[White "Mariotti, Sergio"]
[Black "Robatsch, Karl"]
[Result "0-1"]
[WhiteElo "2465"]
[BlackElo "2440"]
[Annotator "ITA-AUT"]
[PlyCount "70"]
[EventDate "1974.06.16"]

1. d4 Nf6 2. c4 e6 3. Nc3 c5 4. d5 exd5 5. cxd5 d6 6. Nf3 g6 7. Nd2 Nbd7 8. g3
Bg7 9. Bg2 O-O 10. O-O a6 11. a4 Rb8 12. Nc4 Ne8 13. Bf4 Nb6 14. Na3 Qe7 15. e4
Nd7 16. h3 b6 17. Re1 Ne5 18. Rb1 Bd7 19. Bf1 Nc7 20. b4 Rfc8 21. bxc5 bxc5 22.
Bd2 Rxb1 23. Ncxb1 c4 24. Kg2 Ne8 25. f4 Nd3 26. Bxd3 cxd3 27. Qf3 Qd8 28. Qxd3
Qb6 29. g4 Qb2 30. e5 Qb7 31. Kh2 dxe5 32. fxe5 Rc5 33. Bf4 Nc7 34. Qd4 Nxd5
35. Qxc5 Nxf4 0-1

[Event "XXI Olimpiadi Finale B"]
[Site "Nizza FRA"]
[Date "1974.06.27"]
[Round "12.3"]
[White "Toth, Bela"]
[Black "Roehrl, Karl"]
[Result "1/2-1/2"]
[WhiteElo "2385"]
[BlackElo "2365"]
[Annotator "ITA-AUT"]
[PlyCount "137"]
[EventDate "1974.06.16"]

1. d4 d5 2. c4 c6 3. Nc3 Nf6 4. cxd5 cxd5 5. Bf4 Nc6 6. e3 Bf5 7. Nf3 e6 8. Bb5
Nd7 9. O-O Rc8 10. Rc1 Bb4 11. a3 Be7 12. Na4 O-O 13. b4 a5 14. Nc5 axb4 15.
axb4 Nxc5 16. bxc5 f6 17. Nh4 Be4 18. f3 Bg6 19. Nxg6 hxg6 20. Rb1 e5 21. Bg3
exd4 22. Bxc6 bxc6 23. exd4 Qd7 24. Qd3 Kh7 25. Rfe1 Rfe8 26. Re2 Bd8 27. Rxe8
Qxe8 28. h4 Bc7 29. Bxc7 Rxc7 30. h5 f5 31. Kf2 Ra7 32. Re1 Ra2+ 33. Kf1 Qf7
34. Re5 Ra1+ 35. Kf2 Ra2+ 36. Kf1 Ra1+ 37. Kf2 Ra2+ 38. Kg1 Ra1+ 39. Kh2 Qf6
40. hxg6+ Kxg6 41. f4 Qh4+ 42. Qh3 Qxf4+ 43. Qg3+ Qxg3+ 44. Kxg3 Kg5 45. Re6
Ra3+ 46. Kh2 Kf4 47. Rxc6 g5 48. Re6 Rd3 49. Re1 Rxd4 50. Rc1 Ra4 51. c6 Ra8
52. c7 Rc8 53. Kg1 Ke3 54. Rc3+ Kf4 55. Kf2 Kg4 56. Rg3+ Kh5 57. Rc3 Kg4 58.
Rc5 f4 59. g3 fxg3+ 60. Kg2 Kh4 61. Rc1 g4 62. Rh1+ Kg5 63. Rh7 Kf4 64. Rd7 Ke5
65. Kxg3 Ke6 66. Rg7 Kd6 67. Kxg4 Rxc7 68. Rxc7 Kxc7 69. Kf4 1/2-1/2

[Event "XXI Olimpiadi Finale B"]
[Site "Nizza FRA"]
[Date "1974.06.29"]
[Round "14.2"]
[White "Levy, David Neil Lawrence"]
[Black "Tatai, Stefano"]
[Result "0-1"]
[WhiteElo "2320"]
[BlackElo "2430"]
[Annotator "ITA-SCO"]
[PlyCount "82"]
[EventDate "1974.06.16"]

1. e4 c5 2. Nf3 d6 3. d4 cxd4 4. Nxd4 Nf6 5. Nc3 a6 6. Bc4 e6 7. Bb3 b5 8. f4
Bb7 9. O-O Nbd7 10. Be3 Rc8 11. a4 b4 12. Na2 Nc5 13. Nxb4 Nxb3 14. cxb3 Qa5
15. Nd3 Nxe4 16. f5 e5 17. Ne6 Nf6 18. Nxf8 Rxf8 19. Rc1 Ke7 20. Qe2 Qd5 21. b4
Rxc1 22. Rxc1 Rc8 23. Rd1 Qe4 24. Qd2 Nd5 25. Bc5 dxc5 26. Nxc5 Rxc5 27. bxc5
f6 28. Qa5 Qc2 29. Rd2 Qb1+ 30. Kf2 Qxf5+ 31. Kg1 Qb1+ 32. Kf2 Qe4 33. h3 Bc6
34. Kg1 Qe1+ 35. Kh2 Kf7 36. Qxa6 Qxd2 37. Qxc6 Ne7 38. Qb5 e4 39. Qc4+ Qd5 40.
Qxd5+ Nxd5 41. a5 Nb4 0-1

[Event "XXI Olimpiadi Finale B"]
[Site "Nizza FRA"]
[Date "1974.06.29"]
[Round "14.3"]
[White "Toth, Bela"]
[Black "Jamieson, Peter Michael"]
[Result "1-0"]
[WhiteElo "2385"]
[BlackElo "2270"]
[Annotator "ITA-SCO"]
[PlyCount "71"]
[EventDate "1974.06.16"]

1. d4 Nf6 2. c4 c5 3. d5 b5 4. cxb5 a6 5. bxa6 Bxa6 6. Nc3 d6 7. Nf3 g6 8. Nd2
Bg7 9. e4 O-O 10. Bxa6 Rxa6 11. O-O Nbd7 12. Qe2 Qa8 13. Nc4 Nb6 14. Nxb6 Rxb6
15. Bg5 Qb7 16. b3 h6 17. Bd2 Ra8 18. Rac1 Ne8 19. Na4 Rba6 20. Bc3 Nc7 21.
Bxg7 Kxg7 22. f4 Nb5 23. f5 Nd4 24. Qf2 gxf5 25. exf5 Qxd5 26. Nc3 Qb7 27. f6+
Kh7 28. fxe7 Qxe7 29. Rce1 Qb7 30. Ne4 f5 31. Nf6+ Kg6 32. Ne8 Rxa2 33. Qg3+
Kh7 34. Nf6+ Kh8 35. Qg6 Qg7 36. Re8+ 1-0

[Event "XXI Olimpiadi Finale B"]
[Site "Nizza FRA"]
[Date "1974.06.30"]
[Round "15.1"]
[White "Johannessen, Svein"]
[Black "Mariotti, Sergio"]
[Result "0-1"]
[WhiteElo "2400"]
[BlackElo "2465"]
[Annotator "ITA-NOR"]
[PlyCount "68"]
[EventDate "1974.06.16"]

1. Nf3 e6 2. g3 f5 3. Bg2 Nf6 4. O-O Be7 5. d3 O-O 6. Nbd2 d6 7. e4 fxe4 8.
dxe4 e5 9. Nc4 Nbd7 10. Nh4 Nb6 11. Ne3 g6 12. b3 Nfd7 13. Nf3 Nc5 14. Nd5 Nxd5
15. exd5 a5 16. Be3 b6 17. Qe2 Ba6 18. c4 Bc8 19. Bh6 Re8 20. Qe3 Bf6 21. Ng5
Bf5 22. Ne4 Bxe4 23. Bxe4 Qd7 24. Bc2 b5 25. cxb5 Qxb5 26. a3 Nd7 27. Rab1 Nb6
28. a4 Qb4 29. Rfd1 Nd7 30. h4 Qg4 31. Bd3 Nc5 32. Bc4 Bg7 33. Kg2 Bxh6 34.
Qxh6 Rf8 0-1

[Event "XXI Olimpiadi Finale B"]
[Site "Nizza FRA"]
[Date "1974.06.30"]
[Round "15.3"]
[White "Ulrichsen, Jarl Henning"]
[Black "Cosulich, Roberto"]
[Result "1-0"]
[WhiteElo "2330"]
[BlackElo "2430"]
[Annotator "ITA-NOR"]
[PlyCount "31"]
[EventDate "1974.06.16"]

1. e4 c5 2. Nf3 Nc6 3. c3 e6 4. d4 cxd4 5. cxd4 d5 6. exd5 exd5 7. Nc3 Bb4 8.
Bd3 Nge7 9. O-O O-O 10. Be3 Bg4 11. Bxh7+ Kxh7 12. Ng5+ Kg8 13. Qxg4 Bxc3 14.
Qh5 Re8 15. Qxf7+ Kh8 16. Ne6 1-0